LEADER 00948nam a2200253 i 4500 001 000000256541 003 CaOOAMICUS 005 20181130152823.0 008 180108s1958 it u000 u ita u 013 $a235449 040 $aSeMil$bita 100 1 $aFornari, Vito,$d<1821-1900>.$0(OLS)http://semarc/name/4711 245 13$aIl dominatore dei secoli /$cVito Fornari. 260 $aAlba :$bPaoline,$cstampa 1958. 300 $a501 p. ;$c19 cm. 490 0 $aDimensioni dello spirito ;$v15 650 4$aGesù Cristo - Vita.$0(OLS)http://semarc/subject/415 830 0$aDimensioni dello spirito ;$v15.$0(OLS)http://semarc/title/428593 850 $aSeMil 852 $aSeMil$W1$xVenegono$y1$m2D II 475$j206887$B206887$CSeMilBibl$Z2$F220631 $81 961 $aOmaggio: Altro 996 $6245$aIl dominatore dei secoli$9(OLS)http://semarc/title/412321 996 $6260$aAlba :$bPaoline$9(OLS)http://semarc/publisher/29692 LEADER 01361nam a2200301 i 4500 001 000000208288 003 CaOOAMICUS 005 20111116000000.0 008 111116s2010 it u000 u ita u 013 $a187072 020 $a978-88-315-3796-4 040 $aSeMil$bita 100 1 $aVitali, Alberto,$d<1964->.$0(OLS)http://semarc/name/67262 245 10$aOscar A. Romero :$bpastore di agnelli e lupi /$cAlberto Vitali ; prefazione di Luigi Bettazzi ; postfazione di Angelo Casati. 260 $aMilano :$bPaoline,$c2010. 300 $a308 p. ;$c22 cm. 490 0 $aDonne e uomini nella storia ;$v40 500 $aCon dedica autografa dell'Autore. 600 14$aRomero, Óscar .$0(OLS)http://semarc/subject/16720 700 1 $aCasati, Angelo,$d<1931- >.$0(OLS)http://semarc/name/42937 700 1 $aBettazzi, Luigi,$c.$0(OLS)http://semarc/name/18965 830 0$aDonne e uomini nella storia ;$v40.$0(OLS)http://semarc/title/10334 850 $aSeMil 852 $aSeMil$W1$xVenegono$y1$m3G III 307$j158746$B158746$CSeMilBibl$Z2$F171553 $81 961 $aOmaggio: Altro 996 $6020$a978-88-315-3796-4$9(OLS)http://semarc/number/202733 996 $6245$aOscar A. Romero :$bpastore di agnelli e lupi$9(OLS)http://semarc/title/301205 996 $6260$aMilano :$bPaoline$9(OLS)http://semarc/publisher/29684